A munkások válasza

Elmentve itt :
Bibliográfiai részletek
Dokumentumtípus: Cikk
Megjelent: 1928-10-25
Sorozat:Délmagyarország 4 No. 242
Kulcsszavak:Sztrájk kendergyári munkások Szeged 1928
Online Access:http://dmarchiv.bibl.u-szeged.hu/46734
LEADER 00418nab a2200145 i 4500
001 delm46734
005 20180927131856.0
008 180927s1928 hu o 0|| hun d
040 |a SZTE Délmagyarország Archívum  |b hun 
041 |a hun 
245 0 2 |a A munkások válasza  |h [elektronikus dokumentum] 
260 |c 1928-10-25 
300 |a 6 
490 0 |a Délmagyarország  |v 4 No. 242 
695 |a Sztrájk kendergyári munkások Szeged 1928